[Event "45th Olympiad 2024"]
[Site "Budapest HUN"]
[Date "2024.09.16"]
[Round "6.90"]
[Board "2"]
[White "El, Rozak"]
[Black "Mimbasa Kutesa, Willy"]
[Result "1-0"]
[WhiteElo "1514"]
[BlackElo "1848"]
[PlyCount "139"]
[EventDate "2024.09.11"]
[WhiteTeam "Cambodia"]
[BlackTeam "Democratic Republic of the Congo"]
[WhiteTeamCountry "CMB"]

1. d4 d5 2. Nf3 Nc6 3. Bf4 Nf6 4. a3 ({RR} 4. c3 g6 5. h3 Bf5 6. e3 a6 7. Nbd2 Bg7 8. Be2 O-O 9. O-O Ne4 10. Nh4 Nxd2 11. Qxd2 Be4 12. Nf3 Qd7 13. Rac1 Rfe8 14. c4 dxc4 15. Bxc4 Bxf3 16. gxf3 e5 17. Bg3 exd4 18. Rfd1 Qxh3 {0-1 Berdichevski,I (2555)-Bareev,E (2701) Ilyumzhinov Cup 2006}) 4... h6 $146 ({RR} 4... e6 5. Nbd2 Be7 6. h3 O-O 7. e3 Nd7 8. Bd3 f5 9. g4 g6 10. c3 Rf7 11. Qc2 Nf8 12. Ke2 Bf6 13. Rag1 Qe7 14. Ne5 Nxe5 15. dxe5 Bh8 16. Nf3 c5 17. Qb1 b6 18. h4 Bb7 19. gxf5 {1-0 Howells,S (1498)-Smith,P (1493) John Bishop Minor op 2007 (4)}) ({RR} 4... Bf5 5. e3 e6 6. c4 Bd6 7. Bg3 O-O 8. Nc3 Bg4 9. Be2 dxc4 10. Bxc4 a6 11. Be2 Ne7 12. e4 Bxg3 13. hxg3 g6 14. Qd2 h5 15. Rd1 Kg7 16. e5 Nfd5 17. Ne4 Nf5 18. Nfg5 Bxe2 19. Qxe2 {½-½ Martin,C (1881)-Asep,S Gran Canaria Online Blitz 3rd 2022 (3)}) ({RR} 4... Bd7 5. Nc3 a6 6. h3 e6 7. e3 Ne4 8. Nxe4 dxe4 9. Nd2 Bd6 10. Bxd6 cxd6 11. Nxe4 Qe7 12. Ng3 O-O 13. c3 d5 14. Be2 f5 15. Bd3 g6 16. O-O Qg5 17. Ne2 Rfe8 18. f4 Qf6 19. Ng3 {0-1 Przybylak,G (1200)-Kocik,G (1800) Rowy Jantar op 2005 (9)}) 5. Nbd2 Nh5 6. Bg3 Nxg3 7. hxg3 a6 8. e3 Bg4 9. Be2 e6 10. c4 Qd7 11. Rc1 f6 12. Qc2 Bf5 13. Bd3 Bxd3 14. Qxd3 O-O-O 15. b4 e5 16. dxe5 fxe5 17. cxd5 Qxd5 18. Qxd5 Rxd5 19. Ke2 Be7 20. Rc2 g5 21. Ne4 g4 22. Nfd2 a5 23. Nc3 Rd7 24. b5 Nd8 25. Nc4 Nf7 26. Ne4 Kb8 27. a4 b6 28. Rh5 Rd5 29. f4 gxf3+ 30. gxf3 Rhd8 31. Rf5 Ng5 32. Nxg5 hxg5 33. Rxe5 R5d7 34. g4 Rh8 35. Kf1 Bf6 36. Re6 Rd1+ 37. Ke2 Rd5 38. Nd2 Rh2+ 39. Kd1 Bc3 40. Rxc3 Rdxd2+ 41. Kc1 Rdf2 42. Kb1 Rxf3 43. Rc2 Rh7 44. Kb2 Rg3 45. Rc4 Rd7 46. Kc3 Rg1 47. Ree4 Rdd1 48. Red4 Ra1 49. Kd3 Ra3+ 50. Ke2 Rg3 51. Re4 Rg2+ 52. Kf3 Raa2 53. Re8+ Kb7 54. e4 Rgf2+ 55. Ke3 Rf4 56. Re7 Ra3+ 57. Kd4 Kb8 58. Ke5 Rxg4 59. Rexc7 Rxe4+ 60. Kxe4 Rxa4 61. Kf5 Rxc4 62. Rxc4 a4 63. Rxa4 Kc7 64. Rd4 g4 65. Kxg4 Kb7 66. Kf5 Kb8 67. Rc4 Kb7 68. Ke6 Kb8 69. Kd7 Ka7 70. Kc8 1-0

[Event "45th Olympiad 2024"]
[Site "Budapest HUN"]
[Date "2024.09.16"]
[Round "6.91"]
[Board "2"]
[White "Carbonell, Nicolas"]
[Black "Roberts, Gennard"]
[Result "0-1"]
[WhiteElo "1798"]
[BlackElo "1582"]
[PlyCount "120"]
[EventDate "2024.09.11"]
[WhiteTeam "Burkina Faso"]
[BlackTeam "Grenada"]
[WhiteTeamCountry "BUR"]
[BlackTeamCountry "GRA"]

1. d4 Nf6 2. c4 g6 3. Nc3 Bg7 4. e4 d6 5. f4 c5 6. dxc5 Qa5 7. Bd2 Qxc5 8. Nf3 O-O 9. e5 $146 ({RR} 9. Qe2 Nc6 10. O-O-O Bg4 11. Qe3 Nd7 12. Na4 Qxe3 13. Bxe3 Bxf3 14. gxf3 b6 15. Kb1 Nc5 16. Nxc5 bxc5 17. Bg2 Rab8 18. b3 a5 19. e5 a4 20. Kb2 axb3 21. axb3 dxe5 22. Bxc5 exf4+ 23. Kc2 Ra8 {0-1 Wahltuch,V-Vidmar,M Christmas Congress 1925/26-06 Premier (3)}) ({RR} 9. b4 Qc7 10. Bd3 Bg4 11. Rc1 Nc6 12. Nd5 Qd8 13. h3 Bxf3 14. Qxf3 Nd7 15. h4 e6 16. Ne3 h5 17. g4 Nf6 18. g5 Nd7 19. Bb1 Qb6 20. Nc2 Rac8 21. Kf1 a5 22. b5 Nd4 23. Nxd4 Qxd4 {½-½ Pribyl,J (2395)-Uhlmann,W (2475) Bundesliga 9394 1993 (13.2)}) ({RR} 9. Qe2 Nc6 10. Be3 Qa5 11. Qd2 Ng4 12. Bg1 Be6 13. h3 Nf6 14. Bd3 Nb4 15. Bd4 Nxd3+ 16. Qxd3 Nh5 17. Bxg7 Kxg7 18. Qd4+ Kg8 19. f5 Ng3 20. Rg1 gxf5 21. O-O-O Nxe4 22. Nxe4 fxe4 23. Qxe4 Qf5 {0-1 Krepkiy,I (1582)-Mukhtarova,V (1978) Kerkinitida Cup Blitz 2023 (12.14)}) ({RR} 9. Bd3 Nc6 10. Qe2 Bg4 11. Be3 Qa5 12. O-O Nd7 13. Rac1 Nd4 14. Bxd4 Bxd4+ 15. Kh1 e6 16. Nb5 Bg7 17. a3 Qb6 18. b4 a6 19. Nc3 a5 20. Nb5 axb4 21. axb4 Bh6 22. h3 Bxf3 23. Qxf3 e5 {0-1 Luczynowicz,W-Kwapisz,S POL-ch11 Krakow 1953 (8)}) ({RR} 9. Bd3 Nc6 10. Qe2 Nb4 11. Be3 Nxd3+ 12. Qxd3 Qb4 13. Rb1 Nxe4 14. O-O Nxc3 15. bxc3 Qxc3 16. Qe2 b6 17. Rbc1 Qa5 18. Nd4 Qh5 19. Qf2 Bd7 20. h3 Rac8 21. Nf3 h6 22. Kh2 b5 23. c5 Bc6 {0-1 Morena,W-Vaitonis,P Olympiad-11 Final B 1954 (3)}) 9... dxe5 10. fxe5 Ng4 11. Ne4 Qc7 12. Bc3 Nxe5 13. Nxe5 Bxe5 14. Qf3 Nc6 15. O-O-O Bxc3 16. Nxc3 Be6 17. Be2 Rfd8 18. Nd5 Bxd5 19. Rxd5 Rxd5 20. Qxd5 Rd8 21. Qf3 Nd4 22. Qe3 Nxe2+ 23. Qxe2 b5 24. Re1 e6 25. Rd1 Rxd1+ 26. Kxd1 Qxc4 27. Qxc4 bxc4 28. Kc2 Kf8 29. Kc3 Ke7 30. Kxc4 Kd6 31. b4 e5 32. b5 e4 33. a4 e3 34. Kd3 Kc5 35. Kxe3 Kb4 36. Kd4 Kxa4 37. Kc4 f5 38. h4 h6 39. Kc5 Ka5 40. Kc4 g5 41. g3 gxh4 42. gxh4 f4 43. Kd4 Kxb5 44. Ke4 a5 45. Kxf4 Kb4 46. Kg4 a4 47. Kh5 a3 48. Kxh6 a2 49. Kh7 a1=Q 50. h5 Qa7+ 51. Kg6 Qb6+ 52. Kg7 Qc7+ 53. Kg6 Qg3+ 54. Kh7 Qc7+ 55. Kg6 Qd6+ 56. Kg7 Qe7+ 57. Kg6 Qe6+ 58. Kg7 Qe7+ 59. Kh6 Qf7 60. Kg5 Kc5 0-1